[Event "ITA-ch U20"]
[Site "Perugia"]
[Date "2016.07.20"]
[Round "4"]
[White "Albini, Federico"]
[Black "Carnicelli, Valerio"]
[Result "0-1"]
[WhiteElo "1538"]
[BlackElo "2266"]
[PlyCount "49"]
[EventDate "2016.07.18"]
[EventType "swiss"]
[EventRounds "8"]
[EventCountry "ITA"]
[SourceTitle "EXT 2024"]
[Source "ChessBase"]
[SourceDate "2023.10.10"]
[SourceVersion "1"]
[SourceVersionDate "2023.10.10"]
[SourceQuality "1"]

1. e4 e5 2. Nf3 Nc6 3. Bc4 Bc5 4. c3 Nf6 5. d3 d6 6. 0-0 a6 7. h3 Ba7 8. Bb3 h6 9. Re1 g5 10. d4 Qe7 11. dxe5 dxe5 12. Be3 g4 13. hxg4 Bxg4 14. Bxa7 Nxa7 15. Qd3 Bd7 16. Nbd2 0-0-0 17. Qe3 Nc6 18. Nc4 Rhg8 19. Rad1 Rg4 20. Qc1 Rdg8 21. g3 h5 22. Kf1 Nxe4 23. Ke2 Qf6 24. Rd3 Nxg3+ 25. fxg3 0-1